5 najlepszych państw z każdego kontynentu pod względem HDI - Statystyki

Ogólne statystyki
  • Ten quiz został rozwiązany 26 razy
  • Średni wynik to 23 z 30
Statystyki odpowiedzi
Wskaźnik HDI Europa % Poprawnych
0.951 Australia
92%
0.842 Argentyna
88%
0.754 Brazylia
88%
0.855 Chile
88%
0.731 Egipt
88%
0.925 Japonia
88%
0.937 Nowa Zelandia
88%
0.921 Stany Zjednoczone
88%
0.740 Ekwador
84%
0.959 Islandia
84%
0.936 Kanada
84%
0.925 Korea Południowa
84%
0.961 Norwegia
84%
0.762 Peru
84%
0.713 Republika Południowej Afryki
84%
0.962 Szwajcaria
84%
0.947 Szwecja
84%
0.745 Algieria
80%
0.948 Dania
76%
0.939 Singapur
72%
0.730 Fidżi
68%
0.718 Libia
68%
0.731 Tunezja
68%
0.809 Kostaryka
64%
0.767 Palau
64%
0.812 Bahamy
60%
0.943 Tajwan
60%
0.745 Tonga
60%
0.919 Izrael
52%
0.810 Trynidad i Tobago
44%
Nie znaleziono quizów pasujących do podanych kryteriów
Rozkład punktacji
Procent ludzi z każdym wynikiem
Percentyl według liczby udzielonych odpowiedzi
Twoja historia wyników
Nie rozwiązałeś tego quizu